[Event "Titled Tuesday intern op 07th Jan Early"]
[Site "Chess.com INT"]
[Date "2025.01.07"]
[Round "8"]
[White "Fernandez Reyes, Lisandro"]
[Black "Pakleza, Zbigniew"]
[Result "0-1"]
[WhiteElo "2337"]
[BlackElo "2485"]
[PlyCount "178"]
[EventDate "2025.01.07"]
[EventType "swiss (blitz)"]
[EventRounds "11"]
[EventCountry "USA"]
[SourceTitle "CB03_2025"]
[SourceDate "2025.01.15"]
[SourceVersion "1"]
[SourceVersionDate "2025.01.15"]
[SourceQuality "1"]

1. d4 d6 2. e4 Nf6 3. Nc3 c6 4. Bg5 Qb6 5. Qd2 Qxb2 6. Rb1 Qa3 7. e5 dxe5 8. dxe5 Nfd7 9. e6 fxe6 10. Nf3 Nf6 11. Bd3 Nbd7 12. 0-0 g6 13. Rfe1 Nc5 14. Bc4 Bg7 15. Re3 Qa5 16. Qe2 Ng4 17. Nd1 Nxe3 18. Nxe3 b5 19. Bb3 Nxb3 20. axb3 e5 21. h3 Qc7 22. c4 b4 23. g4 a5 24. c5 Be6 25. Nc4 0-0 26. Nfxe5 Bd5 27. Bh4 a4 28. Bg3 Qb7 29. bxa4 Rxa4 30. Nb6 Ra2 31. Qe3 b3 32. Nxd5 cxd5 33. Rxb3 Ra1+ 34. Kg2 d4+ 35. Qf3 Qxf3+ 36. Nxf3 Rc1 37. Ng5 Rc8 38. Ne6 Bf6 39. g5 Bh8 40. Rb7 Re1 41. Nc7 d3 42. Bf4 Re4 43. Bd2 Re2 44. Bf4 d2 45. Bxd2 Rxd2 46. c6 Rc2 47. Nd5 Re8 48. Nxe7+ Rxe7 49. Rxe7 Rxc6 50. Re8+ Kg7 51. Re7+ Kf8 52. Rxh7 Bg7 53. Rh4 Rc5 54. Rg4 Ke7 55. h4 Ke6 56. Ra4 Be5 57. Kh3 Kf5 58. f3 Rc3 59. Kg2 Rc2+ 60. Kf1 Rh2 61. Rg4 Rc2 62. Kg1 Rd2 63. Kf1 Bd4 64. Ke1 Bc3 65. Kf1 Rd3 66. Kg2 Bd4 67. Kg3 Rd2 68. Rf4+ Ke6 69. Re4+ Kd5 70. Kf4 Rh2 71. Kg3 Rd2 72. h5 gxh5 73. Kf4 h4 74. Kf5 h3 75. Rh4 h2 76. f4 Rg2 77. g6 Bf2 78. Rh3 Kd4 79. Kf6 Be3 80. f5 Bf4 81. Kf7 Be5 82. f6 Rf2 83. g7 Rxf6+ 84. Ke7 Rg6 85. Rh4+ Kd5 86. Rh5 Rxg7+ 87. Kf8 Rg1 88. Ke7 h1Q 89. Rxh1 Rxh1 0-1

[Event "Titled Tuesday intern op 07th Jan Early"]
[Site "Chess.com INT"]
[Date "2025.01.07"]
[Round "7"]
[White "Starozhilov, Leonid"]
[Black "Fernandez Reyes, Lisandro"]
[Result "0-1"]
[WhiteElo "2276"]
[BlackElo "2337"]
[PlyCount "116"]
[EventDate "2025.01.07"]
[EventType "swiss (blitz)"]
[EventRounds "11"]
[EventCountry "USA"]
[SourceTitle "CB03_2025"]
[SourceDate "2025.01.15"]
[SourceVersion "1"]
[SourceVersionDate "2025.01.15"]
[SourceQuality "1"]

1. e4 e5 2. Nf3 Nc6 3. Nc3 Nf6 4. Bb5 Nd4 5. Bc4 Bc5 6. h3 0-0 7. d3 d6 8. 0-0 c6 9. Nxd4 Bxd4 10. Bb3 b6 11. Ne2 Bc5 12. Ng3 d5 13. Bg5 Be6 14. Qf3 Be7 15. Rfe1 h6 16. Bxf6 Bxf6 17. Nh5 dxe4 18. dxe4 Bg5 19. Rad1 Qe7 20. Ng3 g6 21. Rd3 Rad8 22. Red1 Rxd3 23. Qxd3 Bxb3 24. axb3 Rd8 25. Qxd8+ Qxd8 26. Rxd8+ Bxd8 27. Ne2 Bg5 28. g3 Bd2 29. f4 Kf8 30. Kf2 Ke7 31. fxe5 c5 32. Nf4 Bc1 33. Nd3 Bd2 34. Ke2 Ba5 35. c3 b5 36. Nxc5 Bb6 37. b4 Bc7 38. Nd3 Ke6 39. b3 Bb6 40. c4 Bd4 41. Kf3 Bc3 42. g4 Bd4 43. h4 h5 44. gxh5 gxh5 45. Nf4+ Kxe5 46. Nxh5 Bc3 47. Nf4 Bd2 48. cxb5 Bxf4 49. h5 Bd2 50. Ke2 Bxb4 51. h6 Kxe4 52. h7 Bc3 53. Kd1 Bh8 54. Kc2 Kd4 55. Kd2 Kc5 56. Kd3 Kxb5 57. Ke4 Kb4 58. Kf5 Kxb3 0-1

[Event "Titled Tuesday intern op 14th Nov Late"]
[Site "Chess.com INT"]
[Date "2023.11.14"]
[Round "2"]
[White "Fernandez Reyes, Lisandro"]
[Black "Eljanov, Pavel"]
[Result "0-1"]
[WhiteElo "2337"]
[BlackElo "2697"]
[PlyCount "46"]
[EventDate "2023.11.14"]
[EventType "swiss (blitz)"]
[EventRounds "11"]
[EventCountry "USA"]
[SourceTitle "EXT 2025"]
[Source "ChessBase"]
[SourceDate "2024.10.14"]
[SourceVersion "1"]
[SourceVersionDate "2024.10.14"]
[SourceQuality "1"]

1. e4 c6 2. d4 d5 3. e5 Bf5 4. h4 h5 5. Bg5 Qb6 6. Bd3 Qxd4 7. Nf3 Qg4 8. Bxf5 Qxf5 9. c4 e6 10. 0-0 Nd7 11. Nbd2 Bc5 12. a3 f6 13. exf6 gxf6 14. Be3 e5 15. cxd5 cxd5 16. Qa4 Bxe3 17. fxe3 Qe6 18. Rac1 Ne7 19. Rc7 Rd8 20. Qxa7 Rg8 21. Qxb7 Nf5 22. e4 Ne3 23. exd5 Rxg2+ 0-1

[Event "Titled Tuesday intern op 14th Nov Late"]
[Site "Chess.com INT"]
[Date "2023.11.14"]
[Round "4"]
[White "Fernandez Reyes, Lisandro"]
[Black "Klekowski, Maciej"]
[Result "1-0"]
[WhiteElo "2337"]
[BlackElo "2477"]
[PlyCount "89"]
[EventDate "2023.11.14"]
[EventType "swiss (blitz)"]
[EventRounds "11"]
[EventCountry "USA"]
[SourceTitle "EXT 2025"]
[Source "ChessBase"]
[SourceDate "2024.10.14"]
[SourceVersion "1"]
[SourceVersionDate "2024.10.14"]
[SourceQuality "1"]

1. e4 c5 2. Nf3 Nc6 3. Bb5 g6 4. 0-0 Bg7 5. Re1 Nf6 6. c3 0-0 7. h3 a6 8. Bxc6 dxc6 9. e5 Nd5 10. d4 cxd4 11. cxd4 Qc7 12. Nc3 Nxc3 13. bxc3 Rd8 14. Bf4 Be6 15. Qc1 c5 16. Ng5 cxd4 17. cxd4 Qxc1 18. Raxc1 Bxa2 19. Be3 Bd5 20. Rc7 Rac8 21. Rec1 Rxc7 22. Rxc7 h6 23. Nf3 Bf8 24. e6 f6 25. Nh4 Bxe6 26. Nxg6 Rd7 27. Rc8 Rd6 28. Rb8 Kg7 29. Nxf8 Bd5 30. Bf4 Rc6 31. Kh2 Rc4 32. Be3 a5 33. Nd7 Bc6 34. Nb6 Rb4 35. d5 Bb5 36. Rxb7 a4 37. Rxe7+ Kg6 38. Ra7 h5 39. d6 Rb3 40. Nd5 Bc4 41. Ne7+ Kf7 42. Nc6+ Ke6 43. Nd4+ Kxd6 44. Nxb3 axb3 45. Bd4 1-0

[Event "Titled Tuesday intern op 10th Oct Late"]
[Site "Chess.com INT"]
[Date "2023.10.10"]
[Round "7"]
[White "Fernandez Reyes, Lisandro"]
[Black "Schmidt, Harald"]
[Result "0-1"]
[WhiteElo "2344"]
[BlackElo "2343"]
[PlyCount "114"]
[EventDate "2023.10.10"]
[EventType "swiss (blitz)"]
[EventRounds "11"]
[EventCountry "USA"]
[SourceTitle "EXT 2025"]
[Source "ChessBase"]
[SourceDate "2024.10.14"]
[SourceVersion "1"]
[SourceVersionDate "2024.10.14"]
[SourceQuality "1"]

1. d4 d5 2. Bf4 c6 3. e3 Bf5 4. c4 e6 5. Nc3 Nd7 6. Qb3 b6 7. Nf3 Ngf6 8. h3 Be7 9. Be2 0-0 10. 0-0 dxc4 11. Qxc4 c5 12. Rfd1 Qc8 13. Qa4 a6 14. Rd2 b5 15. Qd1 Qb7 16. Ne5 Rfd8 17. Bf3 Ne4 18. g4 Nxe5 19. Bxe5 Bg6 20. Kg2 b4 21. Nxe4 Bxe4 22. Bxe4 Qxe4+ 23. Qf3 Qxf3+ 24. Kxf3 Rac8 25. Rc1 f6 26. Bg3 cxd4 27. Rxc8 Rxc8 28. exd4 Kf7 29. Ke4 a5 30. Kd3 Ke8 31. f4 Kd7 32. f5 g6 33. fxe6+ Kxe6 34. Ke4 a4 35. d5+ Kd7 36. d6 Bd8 37. Kd5 Bb6 38. Bf2 Rc6 39. Bg3 Rc5+ 40. Ke4 b3 41. axb3 axb3 42. Rd3 Rc4+ 43. Kf3 Rb4 44. Rc3 f5 45. gxf5 gxf5 46. Bf4 Ba5 47. Rc1 Rd4 48. Rg1 Bd2 49. Rg7+ Ke8 50. Re7+ Kd8 51. Bxd2 Rxd2 52. Rxh7 Rxb2 53. Rb7 Rb1 54. h4 b2 55. Kg2 f4 56. h5 f3+ 57. Kh2 f2 0-1

[Event "Titled Tuesday intern op 10th Oct Early"]
[Site "Chess.com INT"]
[Date "2023.10.10"]
[Round "7"]
[White "Fernandez Reyes, Lisandro"]
[Black "Zimmermann, Ulrich"]
[Result "1/2-1/2"]
[WhiteElo "2344"]
[BlackElo "2280"]
[PlyCount "144"]
[EventDate "2023.10.10"]
[EventType "swiss (blitz)"]
[EventRounds "11"]
[EventCountry "USA"]
[SourceTitle "EXT 2025"]
[Source "ChessBase"]
[SourceDate "2024.10.14"]
[SourceVersion "1"]
[SourceVersionDate "2024.10.14"]
[SourceQuality "1"]

1. e4 e5 2. Nf3 Nc6 3. Bc4 Bc5 4. 0-0 Nf6 5. d4 Bxd4 6. Nxd4 Nxd4 7. Be3 Ne6 8. f4 d6 9. f5 Nd4 10. Nd2 c6 11. c3 Nb5 12. g4 h5 13. g5 Ng4 14. Qe2 Nxe3 15. Qxe3 Qb6 16. Qxb6 axb6 17. Bxb5 cxb5 18. Rfd1 Ke7 19. Nf1 Bd7 20. Ne3 Bc6 21. Nd5+ Bxd5 22. Rxd5 Ra5 23. a3 Rc8 24. Kf2 Rc5 25. Rad1 Rxd5 26. Rxd5 b4 27. cxb4 Rxd5 28. exd5 b5 29. b3 g6 30. f6+ Kd7 31. Ke3 Kc7 32. a4 Kb6 33. Kd3 Ka6 34. h3 Kb6 35. h4 Ka6 36. Kc3 Kb6 37. a5+ Ka6 38. Kd3 b6 39. axb6 Kxb6 40. Ke4 Kc7 41. Kd3 Kb8 42. Ke4 Ka8 43. Kd3 Kb7 44. Ke4 Kc8 45. Kd3 Kd7 46. Ke4 Ke8 47. Kd3 Kf8 48. Ke4 Kg8 49. Kd3 Kh8 50. Ke4 Kh7 51. Kd3 Kg8 52. Ke4 Kf8 53. Kd3 Ke8 54. Ke4 Kd8 55. Kd3 Kc8 56. Ke4 Kb8 57. Kd3 Ka8 58. Ke4 Ka7 59. Kd3 Ka6 60. Ke4 Kb6 61. Kd3 Kc7 62. Ke4 Kb7 63. Kd3 Kc8 64. Ke4 Kd7 65. Kd3 Ke8 66. Ke4 Kf8 67. Kd3 Kg8 68. Ke4 Kh8 69. Kd3 Kh7 70. Ke4 Kg8 71. Kd3 Kf8 72. Ke4 Kg8 1/2-1/2

[Event "Titled Tuesday intern op 10th Oct Early"]
[Site "Chess.com INT"]
[Date "2023.10.10"]
[Round "5"]
[White "Jahnz, Fabian"]
[Black "Fernandez Reyes, Lisandro"]
[Result "0-1"]
[WhiteElo "2268"]
[BlackElo "2344"]
[PlyCount "178"]
[EventDate "2023.10.10"]
[EventType "swiss (blitz)"]
[EventRounds "11"]
[EventCountry "USA"]
[SourceTitle "EXT 2025"]
[Source "ChessBase"]
[SourceDate "2024.10.14"]
[SourceVersion "1"]
[SourceVersionDate "2024.10.14"]
[SourceQuality "1"]

1. e4 c5 2. Nf3 a6 3. c4 Nc6 4. Nc3 e5 5. g3 d6 6. Bg2 g6 7. 0-0 Bg7 8. d3 Nge7 9. a3 0-0 10. Bd2 h6 11. Rb1 Rb8 12. Nd5 b5 13. Qc2 f5 14. b4 fxe4 15. dxe4 bxc4 16. Qxc4 Be6 17. bxc5 Rxb1 18. Rxb1 dxc5 19. Nxe7+ Qxe7 20. Qxa6 Nd4 21. Nxd4 exd4 22. Rb7 Bc8 23. Qc4+ Qe6 24. Qxe6+ Bxe6 25. Re7 Bf7 26. e5 c4 27. e6 Be8 28. Rc7 c3 29. e7 Rf5 30. Bc1 d3 31. Rc8 Kf7 32. Rd8 d2 33. Bxd2 cxd2 34. Rxd2 Kxe7 35. Re2+ Re5 36. Ra2 Ra5 37. Bh1 Re5 38. Bf3 Bd7 39. Kg2 Ra5 40. h4 Be6 41. Re2 Kf7 42. Re3 Bf8 43. Rc3 Bd6 44. Rc6 Ke7 45. Rc3 Rxa3 46. Rc1 Ra2 47. Re1 Kf6 48. Bd1 Bc5 49. Rf1 Bd5+ 50. Kh2 Rxf2+ 51. Rxf2+ Bxf2 52. Bg4 h5 53. Bh3 Be6 54. Bf1 Bg4 55. Kg2 Be3 56. Bb5 Bf5 57. Bf1 Ke5 58. Be2 Kd4 59. Bd1 Kd3 60. Ba4 Ke2 61. Bc6 Ke1 62. Bf3 Bf2 63. Bb7 Bd3 64. Bf3 Bf5 65. Bc6 Bd4 66. Bf3 Be5 67. Bb7 Kd2 68. Bf3 Ke3 69. Bd1 Bg4 70. Bc2 Bf5 71. Bd1 Bf6 72. Bb3 Kd4 73. Bf7 Ke5 74. Be8 Be4+ 75. Kh3 Be7 76. Bb5 Bc5 77. Kh2 Kf6 78. Be8 Bf3 79. Ba4 g5 80. Bb3 g4 81. Bc2 Bd6 82. Bb3 Bc6 83. Bg8 Be8 84. Bb3 Ke5 85. Bc2 Kd4 86. Kg2 Ke3 87. Bf5 Bc6+ 88. Kh2 Kf2 89. Bg6 Bxg3# 0-1

[Event "Titled Tuesday intern op 10th Oct Early"]
[Site "Chess.com INT"]
[Date "2023.10.10"]
[Round "8"]
[White "Vaglio Munoz, Jaime"]
[Black "Fernandez Reyes, Lisandro"]
[Result "1-0"]
[WhiteElo "2174"]
[BlackElo "2344"]
[PlyCount "99"]
[EventDate "2023.10.10"]
[EventType "swiss (blitz)"]
[EventRounds "11"]
[EventCountry "USA"]
[SourceTitle "EXT 2025"]
[Source "ChessBase"]
[SourceDate "2024.10.14"]
[SourceVersion "1"]
[SourceVersionDate "2024.10.14"]
[SourceQuality "1"]

1. Nf3 Nf6 2. c4 g6 3. b3 Bg7 4. Bb2 0-0 5. g3 d6 6. d4 c6 7. Bg2 Bf5 8. Nh4 Be6 9. Nd2 d5 10. 0-0 a5 11. e4 a4 12. e5 Nfd7 13. cxd5 Bxd5 14. Nhf3 Na6 15. Re1 Nb4 16. Ne4 axb3 17. axb3 Rxa1 18. Bxa1 Qa5 19. Nc3 e6 20. Nxd5 cxd5 21. Bc3 Qb6 22. Qd2 Nc6 23. b4 Na7 24. Bf1 Rc8 25. Ra1 Nb5 26. Bb2 h6 27. h4 Na7 28. h5 g5 29. Nh2 Nc6 30. Bc3 Ne7 31. Bd3 Nf5 32. Bxf5 exf5 33. g4 Qe6 34. f3 Nb6 35. Qd3 f4 36. Be1 Bf8 37. Ra7 Rc1 38. Kf2 Qc8 39. Nf1 Qc6 40. b5 Qc8 41. Qf5 Rc2+ 42. Bd2 Qc4 43. Rxb7 Qxd4+ 44. Kg2 Rxd2+ 45. Nxd2 Nd7 46. Rxd7 Be7 47. Rxe7 Qxd2+ 48. Kh3 Qh2+ 49. Kxh2 Kf8 50. Qxf7# 1-0

[Event "Titled Tuesday intern op 03rd Oct Early"]
[Site "Chess.com INT"]
[Date "2023.10.03"]
[Round "8"]
[White "Fernandez Reyes, Lisandro"]
[Black "Bolat, Inayat"]
[Result "1-0"]
[WhiteElo "2344"]
[BlackElo "2088"]
[PlyCount "57"]
[EventDate "2023.10.03"]
[EventType "swiss (blitz)"]
[EventRounds "11"]
[EventCountry "USA"]
[SourceTitle "EXT 2025"]
[Source "ChessBase"]
[SourceDate "2024.10.14"]
[SourceVersion "1"]
[SourceVersionDate "2024.10.14"]
[SourceQuality "1"]

1. d4 Nf6 2. Bf4 g6 3. Nc3 d5 4. Nf3 Bg7 5. e3 0-0 6. Be2 a6 7. Ne5 c5 8. dxc5 Qa5 9. 0-0 Qxc5 10. Na4 Qa5 11. c4 Nc6 12. Nxc6 bxc6 13. Be5 Be6 14. c5 Ne4 15. Bxg7 Kxg7 16. Qd4+ Kg8 17. Nb6 Rab8 18. b4 Qa3 19. Bd3 Bf5 20. Rfc1 e5 21. Qxe5 Qxd3 22. Qd4 Qe2 23. Rf1 Qc2 24. f3 Nc3 25. Kh1 Nb5 26. Qf6 Qc3 27. Qxc6 Qxb4 28. Nxd5 Kg7 29. Nxb4 1-0

[Event "Titled Tuesday intern op 03rd Oct Late"]
[Site "Chess.com INT"]
[Date "2023.10.03"]
[Round "5"]
[White "Guimaraes, Wagner Peixoto"]
[Black "Fernandez Reyes, Lisandro"]
[Result "0-1"]
[WhiteElo "2138"]
[BlackElo "2344"]
[PlyCount "106"]
[EventDate "2023.10.03"]
[EventType "swiss (blitz)"]
[EventRounds "11"]
[EventCountry "USA"]
[SourceTitle "EXT 2025"]
[Source "ChessBase"]
[SourceDate "2024.10.14"]
[SourceVersion "1"]
[SourceVersionDate "2024.10.14"]
[SourceQuality "1"]

1. e4 c5 2. Nf3 a6 3. g3 b5 4. Bg2 Bb7 5. d3 d6 6. 0-0 Nf6 7. a4 Nbd7 8. Re1 e5 9. c3 g6 10. Na3 Bc6 11. axb5 axb5 12. Qb3 Rb8 13. Ng5 Qe7 14. f4 h6 15. Nf3 Bg7 16. Nh4 b4 17. cxb4 Rxb4 18. Qc2 0-0 19. Nc4 exf4 20. Bxf4 Ng4 21. h3 Bd4+ 22. Kh1 Nge5 23. Bxh6 Nxc4 24. Bxf8 Nxf8 25. dxc4 Rxb2 26. Qd1 Qg5 27. Qg4 Qxg4 28. hxg4 Be5 29. Ra3 Ne6 30. Kh2 Kg7 31. Nf3 Bf6 32. Ra6 Nd8 33. g5 Be7 34. Kg1 Bb7 35. Ra7 Ne6 36. e5 Nxg5 37. Rxb7 Rxb7 38. Nxg5 Rb3 39. Ne4 dxe5 40. Rd1 f5 41. Nd6 e4 42. Nb5 Rxg3 43. Rd7 Kf6 44. Kf2 Rb3 45. Rb7 Rb2+ 46. Kg1 g5 47. Rb6+ Ke5 48. Bf1 Kf4 49. Re6 Bd8 50. Nd6 g4 51. Re8 Bf6 52. Nf7 Bd4+ 53. Kh1 Kg3 0-1

[Event "Titled Tuesday intern op 03rd Oct Late"]
[Site "Chess.com INT"]
[Date "2023.10.03"]
[Round "7"]
[White "Jimenez, Joaquin Rodrigo"]
[Black "Fernandez Reyes, Lisandro"]
[Result "1-0"]
[WhiteElo "2147"]
[BlackElo "2344"]
[PlyCount "89"]
[EventDate "2023.10.03"]
[EventType "swiss (blitz)"]
[EventRounds "11"]
[EventCountry "USA"]
[SourceTitle "EXT 2025"]
[Source "ChessBase"]
[SourceDate "2024.10.14"]
[SourceVersion "1"]
[SourceVersionDate "2024.10.14"]
[SourceQuality "1"]

1. d4 Nf6 2. Nf3 e6 3. Bg5 d5 4. e3 h6 5. Bh4 c5 6. c3 Nbd7 7. Nbd2 Qb6 8. Qb3 c4 9. Qc2 Qc7 10. Be2 b5 11. e4 Bb7 12. Bg3 dxe4 13. Bxc7 exf3 14. Bxf3 Nd5 15. Bxd5 Bxd5 16. 0-0 Be7 17. b3 0-0 18. Bg3 Nb6 19. b4 f5 20. Be5 a5 21. a3 Ra7 22. Rab1 axb4 23. axb4 Rfa8 24. Rb2 Ra3 25. Nb1 Ra1 26. Qd2 Be4 27. Qf4 Nd5 28. Qg3 g5 29. Bd6 Bf6 30. Be5 Be7 31. f4 g4 32. h3 Kh7 33. hxg4 fxg4 34. Re1 Bf5 35. Nd2 Nxc3 36. Qxc3 Rxe1+ 37. Kh2 Rg8 38. g3 Re2+ 39. Kg1 Ra8 40. Nf1 Rxb2 41. Qxb2 Ra4 42. Qg2 Ra7 43. Qc6 Bd3 44. Qxe6 c3 45. Qf7# 1-0

[Event "Titled Tuesday intern op 26th Sep Late"]
[Site "Chess.com INT"]
[Date "2023.09.26"]
[Round "5"]
[White "Fernandez Reyes, Lisandro"]
[Black "Wang, Alexander J"]
[Result "1-0"]
[WhiteElo "2337"]
[BlackElo "1851"]
[PlyCount "37"]
[EventDate "2023.09.26"]
[EventType "swiss (blitz)"]
[EventRounds "11"]
[EventCountry "USA"]
[SourceTitle "EXT 2024"]
[Source "ChessBase"]
[SourceDate "2023.10.10"]
[SourceVersion "1"]
[SourceVersionDate "2023.10.10"]
[SourceQuality "1"]

1. e4 c5 2. Nf3 d6 3. d4 cxd4 4. Nxd4 Nf6 5. Nc3 g6 6. f4 Nc6 7. Nf3 Bg7 8. Bd3 0-0 9. 0-0 Qb6+ 10. Kh1 Bg4 11. Qe1 Bxf3 12. Rxf3 a6 13. Rh3 h5 14. a3 e5 15. f5 Nd4 16. Nd5 Nxd5 17. exd5 Rac8 18. Be3 gxf5 19. c3 1-0

[Event "Titled Tuesday intern op 06th Sep Early"]
[Site "Chess.com INT"]
[Date "2022.09.06"]
[Round "3"]
[White "Aliaga Fernandez, Ingrid Yadira"]
[Black "Fernandez Reyes, Lisandro"]
[Result "0-1"]
[WhiteElo "2167"]
[BlackElo "2357"]
[PlyCount "56"]
[EventDate "2022.09.06"]
[EventType "swiss (blitz)"]
[EventRounds "11"]
[EventCountry "USA"]
[SourceTitle "EXT 2023"]
[Source "ChessBase"]
[SourceDate "2022.10.05"]
[SourceVersion "1"]
[SourceVersionDate "2022.10.05"]
[SourceQuality "1"]

1. e4 c5 2. Nf3 a6 3. c4 Nc6 4. d4 cxd4 5. Nxd4 e5 6. Nc2 Nf6 7. Nc3 Bc5 8. Be2 0-0 9. 0-0 d6 10. Bg5 h6 11. Bh4 g5 12. Bg3 Ne7 13. Nd5 Nfxd5 14. cxd5 Ng6 15. Kh1 Nf4 16. Bxf4 gxf4 17. Bg4 Kh8 18. Qf3 Rg8 19. Bxc8 Qxc8 20. Rac1 Qd7 21. b4 Bb6 22. Na1 Rg6 23. Nb3 Rag8 24. g3 Qh3 25. Qg2 Qh5 26. Rc3 Rf6 27. Qf3 Qh3 28. gxf4 Qxf1# 0-1

[Event "Titled Tuesday intern op 06th Sep Early"]
[Site "Chess.com INT"]
[Date "2022.09.06"]
[Round "9"]
[White "Aradhya, Garg"]
[Black "Fernandez Reyes, Lisandro"]
[Result "0-1"]
[WhiteElo "2332"]
[BlackElo "2357"]
[PlyCount "112"]
[EventDate "2022.09.06"]
[EventType "swiss (blitz)"]
[EventRounds "11"]
[EventCountry "USA"]
[SourceTitle "EXT 2023"]
[Source "ChessBase"]
[SourceDate "2022.10.05"]
[SourceVersion "1"]
[SourceVersionDate "2022.10.05"]
[SourceQuality "1"]

1. d4 Nf6 2. Nf3 g6 3. g3 Bg7 4. Bg2 0-0 5. 0-0 d6 6. Nc3 c6 7. a4 Bf5 8. a5 Ne4 9. Nxe4 Bxe4 10. c3 a6 11. Bh3 Bxf3 12. exf3 e6 13. Re1 d5 14. Qb3 Qc8 15. Bf4 Nd7 16. Qa3 Re8 17. Re2 Bf8 18. b4 b6 19. Rae1 c5 20. bxc5 bxc5 21. Qa4 Qb7 22. Kg2 Qb5 23. Qa2 cxd4 24. cxd4 Rac8 25. Rb1 Qd3 26. Rd2 Qc4 27. Rb7 Nf6 28. Be5 Bg7 29. Qxc4 dxc4 30. Bxf6 Bxf6 31. d5 c3 32. Rc2 Rb8 33. Rxb8 Rxb8 34. dxe6 fxe6 35. Bxe6+ Kf8 36. Bc4 Ra8 37. f4 Ke7 38. Kf3 Kd6 39. Ke4 Kc5 40. Bd3 Kb4 41. Ra2 Kb3 42. Rc2 Re8+ 43. Kf3 Rd8 44. Ke2 Rd5 45. Rc1 Rxa5 46. Rb1+ Ka2 47. Rb6 Bd4 48. Rd6 Ra4 49. Kd1 a5 50. Kc2 Ka3 51. Ra6 Kb4 52. Ra8 Ra2+ 53. Kb1 Rxf2 54. Rb8+ Ka3 55. Bc4 c2+ 56. Kc1 Be3# 0-1

[Event "Titled Tuesday intern op 06th Sep Early"]
[Site "Chess.com INT"]
[Date "2022.09.06"]
[Round "4"]
[White "Fernandez Reyes, Lisandro"]
[Black "Plotkin, Mark"]
[Result "1-0"]
[WhiteElo "2357"]
[BlackElo "2358"]
[PlyCount "129"]
[EventDate "2022.09.06"]
[EventType "swiss (blitz)"]
[EventRounds "11"]
[EventCountry "USA"]
[SourceTitle "EXT 2023"]
[Source "ChessBase"]
[SourceDate "2022.10.05"]
[SourceVersion "1"]
[SourceVersionDate "2022.10.05"]
[SourceQuality "1"]

1. d4 Nf6 2. Nc3 d5 3. Bf4 e6 4. e3 Be7 5. g4 c5 6. g5 Nfd7 7. Nb5 Na6 8. a4 0-0 9. Nf3 f5 10. gxf6 Nxf6 11. c3 cxd4 12. Nbxd4 Nc5 13. Rg1 Nfe4 14. Qc2 Bf6 15. b4 Na6 16. Bd3 Nc7 17. Bxe4 dxe4 18. Qxe4 Nd5 19. Rc1 Nxf4 20. exf4 Qd5 21. Qxd5 exd5 22. Kd2 Bd7 23. Rce1 Bxa4 24. Ne6 Rac8 25. Nfd4 Rfe8 26. Nc5 Bc6 27. Re3 Kf7 28. Nce6 Bd7 29. Ng5+ Kg8 30. Rge1 Rxe3 31. Rxe3 b6 32. Ngf3 a5 33. bxa5 bxa5 34. Ne5 Be8 35. Re1 a4 36. Ra1 Rb8 37. Nd3 Be7 38. f5 Bd6 39. f4 Bd7 40. Ne5 Be8 41. Rg1 a3 42. f6 g6 43. Ra1 Rb2+ 44. Ke3 Rxh2 45. Ndf3 Rb2 46. Ng5 Bxe5 47. fxe5 h6 48. Nf3 a2 49. e6 g5 50. Ne5 h5 51. f7+ Bxf7 52. exf7+ Kg7 53. Rf1 Rb8 54. Nd7 d4+ 55. Kxd4 Rd8 56. f8Q+ Rxf8 57. Nxf8 g4 58. Ne6+ Kg6 59. Ke4 h4 60. Kf4 g3 61. Kg4 g2 62. Rg1 Kf6 63. Kxh4 Kxe6 64. Kg3 Ke5 65. Kxg2 1-0

[Event "Titled Tuesday intern op 30th Aug Early"]
[Site "Chess.com INT"]
[Date "2022.08.30"]
[Round "3"]
[White "Fernandez Reyes, Lisandro"]
[Black "Zenin, Dmitri"]
[Result "0-1"]
[WhiteElo "2357"]
[BlackElo "2163"]
[PlyCount "108"]
[EventDate "2022.08.30"]
[EventType "swiss (blitz)"]
[EventRounds "11"]
[EventCountry "USA"]
[SourceTitle "EXT 2023"]
[Source "ChessBase"]
[SourceDate "2022.10.05"]
[SourceVersion "1"]
[SourceVersionDate "2022.10.05"]
[SourceQuality "1"]

1. d4 Nf6 2. Nc3 d5 3. Bf4 g6 4. h4 h5 5. Nf3 Bg7 6. Ne5 c6 7. e3 Ng4 8. Be2 Nxe5 9. Bxe5 Bxe5 10. dxe5 Be6 11. Qd4 Nd7 12. 0-0-0 Qc7 13. f4 Qb6 14. Bd3 Qxd4 15. exd4 Bf5 16. Bxf5 gxf5 17. e6 fxe6 18. Rde1 Nf8 19. Re2 Rg8 20. Rhe1 Kd7 21. Na4 b6 22. b3 Rg4 23. Nb2 Rxf4 24. c3 Rxh4 25. Nd3 Re4 26. Ne5+ Kc7 27. Rxe4 fxe4 28. Rh1 Nd7 29. Ng6 Rg8 30. Nf4 Rg4 31. Nxe6+ Kd6 32. Nd8 Rg8 33. Nf7+ Ke6 34. Nh6 Rxg2 35. Rxh5 Rxa2 36. Ng4 Rg2 37. Ne3 Rg3 38. Kd2 Nf6 39. Re5+ Kd7 40. Nf5 Rg2+ 41. Kd1 e6 42. Nh6 Rf2 43. Rg5 e3 44. Nf7 Ne4 45. Ne5+ Ke8 46. Rg8+ Ke7 47. Rg7+ Kf6 48. Rxa7 Nxc3+ 49. Ke1 Rd2 50. Rf7+ Kg5 51. Nf3+ Kg6 52. Ne5+ Kh6 53. Kf1 e2+ 54. Kg2 e1Q+ 0-1

[Event "Titled Tuesday intern op 04th Jan"]
[Site "Chess.com INT"]
[Date "2022.01.04"]
[Round "1"]
[White "Fernandez Reyes, Lisandro"]
[Black "Pranav, V."]
[Result "0-1"]
[WhiteElo "2357"]
[BlackElo "2486"]
[PlyCount "72"]
[EventDate "2022.01.04"]
[EventType "swiss (blitz)"]
[EventRounds "11"]
[EventCountry "USA"]
[SourceTitle "EXT 2023"]
[Source "ChessBase"]
[SourceDate "2022.10.05"]
[SourceVersion "1"]
[SourceVersionDate "2022.10.05"]
[SourceQuality "1"]

1. e4 e5 2. Nf3 Nc6 3. Bb5 a6 4. Ba4 Nf6 5. 0-0 b5 6. Bb3 Bc5 7. c3 d6 8. d4 Bb6 9. Be3 0-0 10. Nbd2 Bg4 11. d5 Bxe3 12. fxe3 Ne7 13. h3 Bh5 14. g4 Bg6 15. Bc2 Nd7 16. Qe1 c6 17. dxc6 Nxc6 18. h4 h6 19. h5 Bh7 20. Nh4 d5 21. Qg3 d4 22. Kh2 dxe3 23. Ndf3 f6 24. Rae1 Nc5 25. Rxe3 Ne6 26. Rd1 Qe8 27. Nf5 Bxf5 28. gxf5 Qxh5+ 29. Nh4 Ng5 30. Kg2 Rfd8 31. Rd5 Rxd5 32. exd5 Na5 33. Rd3 Qe2+ 34. Qf2 Qe4+ 35. Kg3 Qh1 36. Nf3 Qh3# 0-1

[Event "Titled Tuesday intern op 04th Jan"]
[Site "Chess.com INT"]
[Date "2022.01.04"]
[Round "11"]
[White "Maly, Alexey"]
[Black "Fernandez Reyes, Lisandro"]
[Result "1-0"]
[WhiteElo "2366"]
[BlackElo "2357"]
[PlyCount "109"]
[EventDate "2022.01.04"]
[EventType "swiss (blitz)"]
[EventRounds "11"]
[EventCountry "USA"]
[SourceTitle "EXT 2023"]
[Source "ChessBase"]
[SourceDate "2022.10.05"]
[SourceVersion "1"]
[SourceVersionDate "2022.10.05"]
[SourceQuality "1"]

1. d4 Nf6 2. c4 g6 3. Nc3 Bg7 4. e4 d6 5. Be2 0-0 6. Nf3 Bg4 7. Ng1 Bc8 8. Nf3 Bg4 9. 0-0 Bxf3 10. Bxf3 e5 11. Be3 Nc6 12. d5 Nd4 13. Bxd4 exd4 14. Qxd4 Re8 15. Qd2 Nd7 16. Rfe1 a5 17. Be2 Nc5 18. Bd3 Qf6 19. Bf1 h5 20. Rab1 Re7 21. Qc2 Rae8 22. Re2 Qd4 23. Rd2 Qe5 24. Re2 h4 25. Nb5 c6 26. dxc6 bxc6 27. Nc3 Qf4 28. g3 hxg3 29. hxg3 Qg5 30. Bg2 Bd4 31. Rd1 Qf6 32. Kf1 Kg7 33. Qd2 Ne6 34. Qd3 Rh8 35. Qf3 Qe5 36. Qd3 Rh2 37. f4 Qh5 38. Qf3 Qh6 39. Rd3 Re8 40. Ke1 Rh8 41. Kd1 Bf6 42. Rxd6 Nd4 43. Rxd4 Bxd4 44. e5 Rd8 45. Kc2 Qh5 46. g4 Qh4 47. f5 Bxc3 48. f6+ Kg8 49. bxc3 Qg5 50. Qe4 Rh4 51. e6 Qxf6 52. e7 Re8 53. Qxc6 Rxg4 54. Qxf6 Rxg2 55. Rxg2 1-0